000 00524nam a2200193Ia 4500
005 20250508163027.0
008 008 250505s9999 xx 000 0 eng d
037 _aDissertations
040 _aFEDL
_beng
_cFEDL
041 _aeng
_2eng
084 _a371.8, ANI/DI
_qFEDL
100 _aAnil Kumar
245 0 _aStudy of work-load of school children
260 _c1984
300 _a65p.
546 _aM.Ed. Dissertation (Delhi University)
942 _cDIS
_h371.8, ANI/DI
999 _c1380358
_d1380358